Catalog

Record Details

Catalog Search



Robert Jones' makeup masterclass : a complete ... Read More

Available copies

  • 1 of 1 copy available at LARL/NWRL Consortium.

Current holds

0 current holds with 1 total copy.

Show Only Available Copies
Location Call Number / Copy Notes Barcode Shelving Location Status Due Date
Grygla LINK Site 646.72 JON (Text) 35500005997208 Main Available -

Record details

  • ISBN: 9781592337835
  • ISBN: 159233783X
  • Physical Description: 288 pages : color illustrations ; 28 cm
  • Publisher: Beverly, MA : Fair Winds Press, an imprint of The Quarto Group, 2018.

Content descriptions

General Note:
Includes index.
Summary, etc.:
"Robert Jones' Makeup Masterclass is a ... Read More
"This comprehensive guide to makeup is organized ... Read More
Subject: Beauty, Personal.
Cosmetics
HEALTH & FITNESS / Beauty & Grooming.
HEALTH & FITNESS / Beauty & Grooming.
Beauty, Personal.
Cosmetics
Beauty, personal.
LDR 03415cam a22004938i 4500
001275134
003LARL_NWRL_CONSORTIUM
00520180220170920.0
008170921s2018 maua 001 0 eng
010 . ‡a 2017027339
040 . ‡aDLC ‡beng ‡erda ‡cDLC ‡dBTCTA ‡dBDX ‡dYDX ‡dOCLCF ‡dOCLCO ‡dCLE ‡dTOH ‡dCZA ‡dVP@ ‡dYT5
019 . ‡a982093578 ‡a982142153 ‡a982224647 ‡a982356308 ‡a982417274 ‡a982633927 ‡a982850330 ‡a983099293 ‡a983318345
020 . ‡a9781592337835 ‡q(paperback)
020 . ‡a159233783X
035 . ‡a(OCoLC)1005185942 ‡z(OCoLC)982093578 ‡z(OCoLC)982142153 ‡z(OCoLC)982224647 ‡z(OCoLC)982356308 ‡z(OCoLC)982417274 ‡z(OCoLC)982633927 ‡z(OCoLC)982850330 ‡z(OCoLC)983099293 ‡z(OCoLC)983318345
042 . ‡apcc
08200. ‡a646.7/2 ‡223
084 . ‡aHEA003000 ‡2bisacsh
1001 . ‡aJones, Robert ‡c(Makeup artist), ‡eauthor.
24510. ‡aRobert Jones' makeup masterclass : ‡ba complete course in makeup for all levels, beginner to pro / ‡cRobert Jones.
24630. ‡aMakeup masterclass
264 1. ‡aBeverly, MA : ‡bFair Winds Press, an imprint of The Quarto Group, ‡c2018.
300 . ‡a288 pages : ‡bcolor illustrations ; ‡c28 cm
336 . ‡atext ‡btxt ‡2rdacontent
337 . ‡aunmediated ‡bn ‡2rdamedia
338 . ‡avolume ‡bnc ‡2rdacarrier
520 . ‡a"Robert Jones' Makeup Masterclass is a comprehensive beauty education for women (and men!) of all ages and skill levels--from novices who feel "makeup-challenged" to those who are ready to take their skills to the professional level. The book includes: Detailed, in-depth, step-by-step instructions and photos to build a makeup artist's repertoire and maximize natural beauty at any age; Techniques to highlight your best traits, meaning every face can achieve a beautiful look and will build your confidence as a makeup artist and as a beautiful person; Before-and-after photos to help you achieve a wide variety of looks for any skin tone; Basic products and tools you should have in your makeup drawer; Extensive product information to help you make smart purchases; Tips for organizing your makeup--know what to keep and what to toss; Secrets about product shelf-life and makeup ingredients you should know before buying; Tips and tricks to help you achieve your desired effect, shape your face, and find quick fixes for problem areas (dark circles, age spots, thin lips, uneven skin tone, and more); Helpful Q&As in every chapter ; and Quick-reference index. Robert Jones' Makeup Masterclass is about more than dramatic transformations. It's for honing makeup artistry and building confidence for a beautiful result"-- ‡cProvided by publisher.
520 . ‡a"This comprehensive guide to makeup is organized from beginner to pro. You can start at your skill level and learn!"-- ‡cProvided by publisher.
500 . ‡aIncludes index.
650 0. ‡aBeauty, Personal. ‡0(LARL_NWRL_CONSORTIUM)14767
650 0. ‡aCosmetics ‡0(LARL_NWRL_CONSORTIUM)17847
650 7. ‡aHEALTH & FITNESS / Beauty & Grooming. ‡2bisacsh
650 4. ‡aHEALTH & FITNESS / Beauty & Grooming.
650 7. ‡aBeauty, Personal. ‡2fast ‡0(LARL_NWRL_CONSORTIUM)14767
650 7. ‡2fast ‡aCosmetics ‡0(LARL_NWRL_CONSORTIUM)17847
650 1. ‡aBeauty, personal. ‡0(LARL_NWRL_CONSORTIUM)14767
901 . ‡a275134 ‡bOCoLC ‡c275134 ‡tbiblio

Additional Resources